[Event "18sen.Bay.EM2006 Schney op"]
[Site "Schloss Schney (25.6.-3.7)"]
[Date "2006.06.27"]
[Round "3.24"]
[White "Aigner, Georg"]
[Black "Bauer, Hermann(31)"]
[Result "1/2-1/2"]
[WhiteElo "1736"]
[BlackElo "1620"]
[PlyCount "81"]
[EventDate "2006.07.??"]
[Source "Ganslmayer"]
[SourceDate "2012.12.20"]

1. e4 d6 2. d4 g6 3. Nf3 Bg7 4. Bc4 Nf6 5. Nc3 O-O 6. Bg5 c6 7. Qd2 b5 8. Bd3
Nbd7 9. O-O Qc7 10. Rfe1 e6 11. e5 dxe5 12. dxe5 Ng4 13. Be7 Ndxe5 14. Nxe5
Nxe5 15. Bxf8 Kxf8 16. h3 a6 17. Rad1 Bb7 18. Be2 c5 19. Qd6+ Qe7 20. f4 Nc6
21. Bf3 Bd4+ 22. Rxd4 Nxd4 23. Qxe7+ Kxe7 24. Bxb7 Rd8 25. Bxa6 b4 26. Ne4 Nxc2
27. Rc1 b3 28. axb3 Nb4 29. Bb5 f5 30. Nxc5 Nd5 31. Nd3 Kf6 32. Bc4 Ne3 33. Nc5
Rd2 34. Re1 Nxg2 35. Rxe6+ Kg7 36. Nd3 Nh4 37. b4 Nf3+ 38. Kf1 Nh2+ 39. Ke1
Nf3+ 40. Kf1 Nh2+ 41. Ke1 1/2-1/2

[Event "18sen.Bay.EM2006 Schney op"]
[Site "Schloss Schney (25.6.-3.7)"]
[Date "2006.06.27"]
[Round "3.25"]
[White "Schuster, Herbert"]
[Black "Theuermeister, Peter"]
[Result "0-1"]
[WhiteElo "1608"]
[BlackElo "1752"]
[PlyCount "92"]
[EventDate "2006.07.??"]
[Source "Ganslmayer"]
[SourceDate "2012.12.20"]

1. d4 Nf6 2. c4 g6 3. Nf3 Bg7 4. h3 O-O 5. Nc3 d5 6. e3 c6 7. Be2 Nbd7 8. cxd5
cxd5 9. b4 Nb6 10. Ne5 Nfd7 11. Nxd7 Bxd7 12. O-O Rc8 13. Bd2 Nc4 14. Bxc4 dxc4
15. a4 a6 16. b5 e5 17. Ne4 exd4 18. Bb4 Re8 19. Nd6 dxe3 20. fxe3 Be6 21. Ra2
c3 22. Raf2 Rc7 23. Ba5 Ree7 24. Bxc7 Qxc7 25. Ne4 Bc4 26. Qc2 Bxf1 27. Rxf1
Qe5 28. Nf2 Qxe3 29. Qd3 axb5 30. axb5 Bd4 31. Kh1 Qxd3 32. Nxd3 Re3 33. Nb4
Re2 34. Rc1 Rb2 35. Nd3 Rxb5 36. Rc2 Rb1+ 37. Kh2 b5 38. Kg3 b4 39. Kf3 b3 40.
Re2 Kf8 41. Ke4 Bg7 42. Nb4 Rb2 43. Re1 Rxg2 44. Nd5 c2 45. Kf3 Rd2 46. Nc7 Rd8
0-1

[Event "18sen.Bay.EM2006 Schney op"]
[Site "Schloss Schney (25.6.-3.7)"]
[Date "2006.06.27"]
[Round "3.26"]
[White "Claus, Joachim"]
[Black "Zellner, Erwin"]
[Result "1-0"]
[WhiteElo "1765"]
[BlackElo "1613"]
[PlyCount "143"]
[EventDate "2006.07.??"]
[Source "Ganslmayer"]
[SourceDate "2012.12.20"]

1. f4 e6 2. Nf3 d5 3. e3 Nf6 4. b3 Nbd7 5. Bb2 Be7 6. Be2 b6 7. O-O Bb7 8. Ne5
O-O 9. d3 Bc5 10. d4 Be7 11. Nd2 a5 12. a4 Rc8 13. Bd3 c5 14. c3 cxd4 15. exd4
Ne4 16. Rc1 f5 17. Ndf3 Rf6 18. Qe2 Nxe5 19. Nxe5 Bd6 20. Rf3 Bxe5 21. fxe5 Rh6
22. Qe3 g5 23. Bxe4 dxe4 24. Rff1 Rc7 25. d5 Rg7 26. c4 Rd7 27. Rcd1 Rg6 28.
Rd2 g4 29. g3 h5 30. Bc1 exd5 31. cxd5 Qc7 32. d6 Qc5 33. Qxc5 bxc5 34. Rxf5 h4
35. Rdf2 e3 36. Bxe3 Bf3 37. gxh4 Rb7 38. Rd2 Bc6 39. Rg5 Rxg5 40. Bxg5 Kf7 41.
Rd3 Ke6 42. Bd2 Kxe5 43. Bxa5 Ke4 44. Rg3 Kf4 45. Bd2+ Kf5 46. Rc3 Ke6 47. Bf4
Kd5 48. Be3 Kxd6 49. Bxc5+ Kd5 50. a5 Rh7 51. Bf2 Bb7 52. b4 Ba6 53. b5 Bb7 54.
a6 Ba8 55. b6 Ke4 56. Rc7 Rh6 57. b7 Rxa6 58. bxa8=Q+ Rxa8 59. Kg2 Rh8 60. Kg3
Rg8 61. Rc4+ Kf5 62. Be3 Rg7 63. Bg5 Rd7 64. Rc5+ Kg6 65. Kxg4 Rd4+ 66. Bf4 Rd7
67. Rc6+ Kf7 68. h5 Kg8 69. h6 Rd4 70. Kg5 Rd5+ 71. Kg6 Rd8 72. h7+ 1-0

[Event "18sen.Bay.EM2006 Schney op"]
[Site "Schloss Schney (25.6.-3.7)"]
[Date "2006.06.27"]
[Round "3.27"]
[White "Schnurr, Anton"]
[Black "Banfelder, Herbert"]
[Result "0-1"]
[WhiteElo "1697"]
[BlackElo "1607"]
[PlyCount "90"]
[EventDate "2006.07.??"]
[Source "Ganslmayer"]
[SourceDate "2012.12.20"]

1. d4 d5 2. c3 Bf5 3. e3 Nf6 4. Be2 Nbd7 5. g4 Bg6 6. h4 h5 7. g5 Ne4 8. Nd2
Nxd2 9. Bxd2 e6 10. Nh3 Bd6 11. f4 c5 12. Nf2 Qb6 13. Bc1 cxd4 14. exd4 Qc7 15.
Nh3 Be4 16. O-O g6 17. Bd3 Bxd3 18. Qxd3 O-O 19. Bd2 Rae8 20. Rae1 Kh7 21. Re2
Nb6 22. b3 Nc8 23. f5 exf5 24. Rg2 Re4 25. c4 dxc4 26. bxc4 Rxd4 27. Qxd4 Bc5
28. Be3 Bxd4 29. Bxd4 Qxc4 30. Rf4 Re8 31. Be3 Qd3 32. Bf2 Re4 33. Rxe4 fxe4
34. Nf4 Qf3 35. Nd5 Qd1+ 36. Kh2 Qxd5 37. Bg3 Ne7 38. Re2 Nf5 39. Bf2 Qd3 40.
Rb2 b6 41. Rb3 Qe2 42. Kg1 e3 43. Bxe3 Nxe3 44. Rxe3 Qxe3+ 45. Kg2 b5 0-1

[Event "18sen.Bay.EM2006 Schney op"]
[Site "Schloss Schney (25.6.-3.7)"]
[Date "2006.06.27"]
[Round "3.28"]
[White "Philipp, Gerhard"]
[Black "Kude, Klaus-Peter"]
[Result "0-1"]
[WhiteElo "1593"]
[BlackElo "1757"]
[PlyCount "132"]
[EventDate "2006.07.??"]
[Source "Ganslmayer"]
[SourceDate "2012.12.20"]

1. e4 e5 2. Nf3 Nc6 3. Bb5 a6 4. Ba4 Nf6 5. O-O b5 6. Bb3 Be7 7. d3 d6 8. Nc3
Na5 9. Re1 O-O 10. h3 h6 11. Nd5 Nxd5 12. exd5 Nxb3 13. axb3 f5 14. Bd2 Bb7 15.
c4 c6 16. Ba5 Qd7 17. c5 Bf6 18. Bb4 cxd5 19. cxd6 e4 20. dxe4 fxe4 21. Nd4 Be5
22. Nc2 Rae8 23. Ne3 Bxd6 24. Nxd5 Re6 25. Kf1 Qf7 26. Re2 Rd8 27. Ne3 Bc7 28.
Rd2 Rxd2 29. Qxd2 Rf6 30. Bc3 Rd6 31. Qe2 Bb6 32. Ng4 Qxb3 33. Be5 Re6 34. Rd1
Bc6 35. Ra1 Bd5 36. Kg1 h5 37. Rxa6 Bxf2+ 38. Nxf2 Rxa6 39. Qxh5 Bf7 40. Qg5
Rg6 41. Qd8+ Kh7 42. Qh4+ Rh6 43. Qxe4+ Bg6 44. Qb7 Qf7 45. Qxb5 Bf5 46. Bc3
Re6 47. Qb4 Re8 48. Qf4 Qg6 49. Kh2 Bd7 50. b4 Bc6 51. Qh4+ Kg8 52. Qc4+ Re6
53. Ng4 Qf5 54. Qd4 Qf8 55. Kg1 Rd6 56. Qc4+ Kh8 57. Ne3 Qe7 58. Qg4 Bd7 59.
Qe2 Re6 60. Bd2 Qd6 61. Bc3 Qb6 62. Bd2 Qd4 63. Kh1 Bb5 64. Qxb5 Qxd2 65. Ng4
Re1+ 66. Kh2 Qf4+ 0-1

[Event "18sen.Bay.EM2006 Schney op"]
[Site "Schloss Schney (25.6.-3.7)"]
[Date "2006.06.27"]
[Round "3.29"]
[White "Ludwig, Ines"]
[Black "Lueders, Guenther Dr"]
[Result "1-0"]
[WhiteElo "1510"]
[BlackElo "1696"]
[PlyCount "81"]
[EventDate "2006.07.??"]
[Source "Ganslmayer"]
[SourceDate "2012.12.20"]

1. d4 d5 2. e3 Nf6 3. Bd3 e6 4. Nd2 Be7 5. f4 b6 6. Ngf3 O-O 7. O-O Bb7 8. Ne5
Nbd7 9. Qf3 c5 10. c3 cxd4 11. exd4 g6 12. g4 Qc7 13. h4 h5 14. gxh5 Nxe5 15.
fxe5 Nxh5 16. Qg4 Kg7 17. Nf3 Bc6 18. Bg5 Be8 19. Bxe7 Qxe7 20. Ng5 Kg8 21. Rf2
Bd7 22. Raf1 f5 23. exf6 Nxf6 24. Qg2 Qg7 25. Nh3 Kh7 26. Qg5 Ne4 27. Bxe4 Rxf2
28. Qxg6+ Qxg6+ 29. Bxg6+ Kxg6 30. Rxf2 Kg7 31. Nf4 Kh6 32. Rg2 Re8 33. Rg4 Kh7
34. h5 e5 35. Nxd5 Kh8 36. Nf6 Bf5 37. Rg5 exd4 38. Nxe8 Bd7 39. Nf6 Be6 40.
Kf1 d3 41. Ke1 1-0

[Event "18sen.Bay.EM2006 Schney op"]
[Site "Schloss Schney (25.6.-3.7)"]
[Date "2006.06.27"]
[Round "3.30"]
[White "Fiedler, Werner(23)"]
[Black "Schmidt, Wolfgang(38)"]
[Result "0-1"]
[WhiteElo "1629"]
[BlackElo "1627"]
[PlyCount "86"]
[EventDate "2006.07.??"]
[Source "Ganslmayer"]
[SourceDate "2012.12.20"]

1. d4 Nf6 2. Bg5 e6 3. Nd2 Be7 4. Ngf3 d5 5. e3 Nbd7 6. Bd3 h6 7. Bh4 a5 8. c3
b6 9. Qe2 O-O 10. O-O Nh7 11. Bxe7 Qxe7 12. e4 c6 13. Rae1 Re8 14. exd5 cxd5
15. Bb5 Rf8 16. Ne5 Nxe5 17. Qxe5 Ba6 18. Bxa6 Rxa6 19. Qxd5 Rfa8 20. Nf3 Nf6
21. Qe5 Qd7 22. h3 b5 23. Re2 Rc8 24. Qe3 b4 25. Ne5 Qb7 26. c4 Nd7 27. b3 a4
28. Rb1 Nxe5 29. Qxe5 axb3 30. axb3 Ra3 31. Rd2 Qa7 32. Rdd1 Ra2 33. Qe1 Qa3
34. Qe4 Qa7 35. Qe1 Qa3 36. Rd2 Rxd2 37. Qxd2 Ra8 38. d5 exd5 39. Qxd5 Re8 40.
Qf3 Qa2 41. Rd1 Qa7 42. Qc6 Qb8 43. Qd6 Re1+ 0-1

[Event "18sen.Bay.EM2006 Schney op"]
[Site "Schloss Schney (25.6.-3.7)"]
[Date "2006.06.27"]
[Round "3.31"]
[White "Baumann, Walter(27)"]
[Black "Klose, Hans-Peter"]
[Result "1-0"]
[WhiteElo "1701"]
[BlackElo "1472"]
[PlyCount "39"]
[EventDate "2006.07.??"]
[Source "Ganslmayer"]
[SourceDate "2012.12.20"]

1. d4 Nf6 2. c4 g6 3. Nc3 Bg7 4. e4 d6 5. Nf3 O-O 6. Be2 c5 7. d5 Nbd7 8. O-O
a5 9. Rb1 Ne5 10. Nxe5 dxe5 11. Be3 b6 12. f3 e6 13. a3 Ne8 14. b4 exd5 15.
cxd5 Ba6 16. bxc5 Bxe2 17. Qxe2 bxc5 18. Bxc5 Nd6 19. Rb6 Qc7 20. Rc6 1-0

[Event "18sen.Bay.EM2006 Schney op"]
[Site "Schloss Schney (25.6.-3.7)"]
[Date "2006.06.27"]
[Round "3.32"]
[White "Narr, Irmgard"]
[Black "Muenzenberg, Dietrich"]
[Result "1/2-1/2"]
[WhiteElo "1513"]
[BlackElo "1697"]
[PlyCount "22"]
[EventDate "2006.07.??"]
[Source "Ganslmayer"]
[SourceDate "2012.12.20"]

1. e4 c5 2. Nf3 Nc6 3. d4 cxd4 4. Nxd4 Qc7 5. Nc3 Nf6 6. Be3 d6 7. f3 a6 8. Qd2
e6 9. g4 Be7 10. O-O-O b5 11. h4 Bb7 1/2-1/2

[Event "18sen.Bay.EM2006 Schney op"]
[Site "Schloss Schney (25.6.-3.7)"]
[Date "2006.06.27"]
[Round "3.33"]
[White "Neumeister, Herbert Dr"]
[Black "Van Bellen, Henk Dr"]
[Result "1/2-1/2"]
[WhiteElo "1753"]
[BlackElo "1731"]
[PlyCount "55"]
[EventDate "2006.07.??"]
[Source "Ganslmayer"]
[SourceDate "2012.12.20"]

1. d4 f5 2. g3 g6 3. Bg2 Bg7 4. c4 c6 5. Nc3 d6 6. Nf3 Nh6 7. O-O Nf7 8. Ng5
Nxg5 9. Bxg5 O-O 10. d5 h6 11. Be3 c5 12. Qd2 Kh7 13. f4 Nd7 14. Bf2 Nf6 15.
Kh1 Bd7 16. e4 fxe4 17. Nxe4 b5 18. cxb5 Bxb5 19. Rfe1 Rb8 20. Rab1 Bd7 21. b3
Bf5 22. Nxf6+ Bxf6 23. Rbc1 Qd7 24. Rc4 Rb7 25. Bf3 h5 26. Be4 Rfb8 27. Bxf5
Qxf5 28. Kg2 1/2-1/2

[Event "18sen.Bay.EM2006 Schney op"]
[Site "Schloss Schney (25.6.-3.7)"]
[Date "2006.06.27"]
[Round "3.34"]
[White "Karner, Irmgard"]
[Black "Reichenbacher, Gerhard"]
[Result "1/2-1/2"]
[WhiteElo "1575"]
[BlackElo "1716"]
[PlyCount "42"]
[EventDate "2006.07.??"]
[Source "Ganslmayer"]
[SourceDate "2012.12.20"]

1. c4 c5 2. Nc3 g6 3. Nf3 Nc6 4. g3 Bg7 5. Bg2 d6 6. e4 Bg4 7. h3 Bxf3 8. Bxf3
Nd4 9. Bg2 e6 10. d3 Ne7 11. O-O O-O 12. f4 Nec6 13. Be3 Rb8 14. a4 a6 15. Bxd4
Nxd4 16. Kh2 Qc7 17. Ne2 b5 18. axb5 axb5 19. Rb1 bxc4 20. dxc4 Rb4 21. Nxd4
Bxd4 1/2-1/2

[Event "18sen.Bay.EM2006 Schney op"]
[Site "Schloss Schney (25.6.-3.7)"]
[Date "2006.06.27"]
[Round "3.37"]
[White "Jurgan, Brigitte"]
[Black "Weschke, Wolfgang++"]
[Result "0-1"]
[WhiteElo "1163"]
[BlackElo "2114"]
[PlyCount "68"]
[EventDate "2006.07.??"]
[Source "Ganslmayer"]
[SourceDate "2012.12.20"]

1. d4 Nf6 2. Nf3 d6 3. Bg5 Bf5 4. Bxf6 gxf6 5. g3 e5 6. Bg2 Qc8 7. O-O Bh3 8.
e3 Bxg2 9. Kxg2 Nc6 10. d5 Ne7 11. e4 f5 12. exf5 Qxf5 13. Nc3 h5 14. h4 Bg7
15. Rb1 O-O-O 16. Ng5 Qg6 17. Nce4 Bh6 18. Qd3 Bxg5 19. Nxg5 Qxd3 20. cxd3 Rdf8
21. Rbe1 Nxd5 22. a3 f6 23. Ne6 Rfg8 24. d4 Kd7 25. dxe5 Kxe6 26. exf6+ Kxf6
27. Re4 Re8 28. Rd4 c6 29. Rd3 Re5 30. Rf3+ Rf5 31. Rd3 Rg8 32. Re1 Nf4+ 33.
Kf1 Nxd3 34. Re2 Rxg3 0-1

[Event "18sen.Bay.EM2006 Schney op"]
[Site "Schloss Schney (25.6.-3.7)"]
[Date "2006.06.27"]
[Round "3.38"]
[White "Harke, Horst"]
[Black "Brockhaus, Werner"]
[Result "1-0"]
[WhiteElo "1666"]
[BlackElo "1510"]
[PlyCount "123"]
[EventDate "2006.07.??"]
[Source "Ganslmayer"]
[SourceDate "2012.12.20"]

1. d4 Nf6 2. c4 d6 3. Nc3 g6 4. e4 Bg7 5. Be2 O-O 6. Nf3 Nbd7 7. O-O c6 8. Ne1
Qc7 9. Be3 b6 10. Rc1 Qd8 11. Qd2 Bb7 12. Bh6 e5 13. Bxg7 Kxg7 14. d5 cxd5 15.
cxd5 a6 16. Nc2 b5 17. g4 Ng8 18. f3 g5 19. Kg2 h6 20. Ne3 Ne7 21. Rh1 Nf6 22.
h4 Nh7 23. hxg5 Nxg5 24. Rh5 Rh8 25. Rch1 f6 26. Qe1 Qe8 27. Qh4 Nf7 28. Nf5+
Nxf5 29. Rxf5 Ng5 30. Nd1 Bc8 31. Ne3 Bxf5 32. Nxf5+ Kf8 33. Nxd6 Qg6 34. Qf2
Kg8 35. Nf5 Re8 36. d6 Nf7 37. a4 bxa4 38. Ne7+ Rxe7 39. dxe7 Kg7 40. Bxa6 Re8
41. Qc5 f5 42. Bb5 fxg4 43. Bxe8 gxf3+ 44. Kxf3 Ng5+ 45. Ke2 Qxe4+ 46. Kd2 Nf3+
47. Kc1 Nd4 48. Rg1+ Kh8 49. Qxd4 Qxd4 50. Rg6 Qc5+ 51. Kb1 Qe3 52. Bxa4 Qe4+
53. Bc2 Qh1+ 54. Ka2 Qa8+ 55. Kb3 Qb7+ 56. Ka4 Qxe7 57. Rxh6+ Kg8 58. Bb3+ Kg7
59. Re6 Qa7+ 60. Kb4 Qd4+ 61. Kb5 Qxb2 62. Kc6 1-0

[Event "18sen.Bay.EM2006 Schney op"]
[Site "Schloss Schney (25.6.-3.7)"]
[Date "2006.06.27"]
[Round "3.39"]
[White "Van Houten, Henk"]
[Black "Erdmann, Wolfgang"]
[Result "1-0"]
[WhiteElo "1597"]
[BlackElo "1505"]
[PlyCount "113"]
[EventDate "2006.07.??"]
[Source "Ganslmayer"]
[SourceDate "2012.12.20"]

1. e4 d6 2. d4 Nf6 3. Nc3 g6 4. Nf3 Bg7 5. h3 c6 6. Be3 Qc7 7. Bd3 b6 8. O-O
O-O 9. a4 a5 10. Re1 e5 11. d5 cxd5 12. exd5 Bb7 13. Nb5 Qd8 14. Bg5 Na6 15. c4
Nc5 16. Bc2 Qd7 17. Bxf6 Bxf6 18. Rb1 Na6 19. Nd2 Rad8 20. Qf3 Be7 21. Qe3 Nc5
22. b4 axb4 23. Rxb4 Rb8 24. Rbb1 Qd8 25. Ne4 Bc8 26. Nxc5 bxc5 27. Qc3 Ra8 28.
Ra1 Bf6 29. Ra2 Re8 30. Re2 Bg7 31. Qe1 Bf8 32. f4 Bg7 33. g4 f6 34. f5 g5 35.
Be4 Kf7 36. h4 Bh6 37. Rh2 Rh8 38. Qc3 Ke7 39. a5 Ba6 40. h5 Qd7 41. Rhb2 Rhb8
42. Bd3 Rb7 43. Na3 Rab8 44. Rxb7 Rxb7 45. Rb2 Bf8 46. Rb6 Rxb6 47. axb6 Qa4
48. Bc2 Qd7 49. Qa5 Bb7 50. Ba4 Qc8 51. Nb5 Kf7 52. Nc7 Be7 53. Qa7 Bd8 54. Ne6
Be7 55. Bc6 Bxc6 56. dxc6 Qxc6 57. Nd8+ 1-0

[Event "18sen.Bay.EM2006 Schney op"]
[Site "Schloss Schney (25.6.-3.7)"]
[Date "2006.06.27"]
[Round "3.40"]
[White "Breitfuss, Joachim++"]
[Black "Kurz, Leonhard"]
[Result "0-1"]
[WhiteElo "1385"]
[BlackElo "1634"]
[PlyCount "68"]
[EventDate "2006.07.??"]
[Source "Ganslmayer"]
[SourceDate "2012.12.20"]

1. d4 d5 2. c4 c6 3. cxd5 cxd5 4. Nf3 Nf6 5. Nc3 Nc6 6. Bf4 e6 7. e3 a6 8. a3
Bd6 9. Bxd6 Qxd6 10. Bd3 O-O 11. O-O b5 12. b4 Bb7 13. Re1 Rac8 14. e4 dxe4 15.
Nxe4 Nxe4 16. Bxe4 g6 17. Rc1 Rc7 18. Rc5 f5 19. Bxc6 Bxc6 20. Ne5 Bd5 21. Rxc7
Qxc7 22. Nd3 Qc3 23. Nc5 Qxa3 24. Nxe6 Rf6 25. Nc7 Bf7 26. Qd2 Rc6 27. Ne8 Bxe8
28. Rxe8+ Kf7 29. Re1 Qc3 30. Qe2 Kg7 31. Qe7+ Kh6 32. Qh4+ Kg7 33. Re7+ Kf8
34. Qf6+ Rxf6 0-1

[Event "18sen.Bay.EM2006 Schney op"]
[Site "Schloss Schney (25.6.-3.7)"]
[Date "2006.06.27"]
[Round "3.41"]
[White "Von Berg, Hans-Dieter"]
[Black "Grueneschild, Hildegard"]
[Result "1/2-1/2"]
[WhiteElo "1491"]
[BlackElo "1440"]
[PlyCount "99"]
[EventDate "2006.07.??"]
[Source "Ganslmayer"]
[SourceDate "2012.12.20"]

1. d4 Nf6 2. Nf3 g6 3. c4 Bg7 4. e3 O-O 5. Nc3 d6 6. Be2 c6 7. O-O Nbd7 8. Qc2
e5 9. dxe5 dxe5 10. e4 Qc7 11. h3 Nc5 12. Be3 Ne6 13. Rfd1 Bd7 14. Rd2 Rfd8 15.
Rad1 Nh5 16. Ng5 Nhf4 17. Bxf4 Nxf4 18. Bf1 h6 19. Nf3 Bf8 20. a3 Ne6 21. b4 b6
22. Rd3 Nf4 23. R3d2 a6 24. Ne2 Ne6 25. Qc3 f6 26. Ng3 c5 27. Nh4 Kh7 28. Qf3
Nf4 29. Ne2 g5 30. Nxf4 exf4 31. Nf5 cxb4 32. axb4 Bxb4 33. Rd4 Bc5 34. Rd5 Be6
35. Rxd8 Rxd8 36. Qh5 Bf8 37. Qe2 a5 38. Nd4 Bd7 39. Qh5 Bg7 40. Qf7 Qc8 41.
Nf5 Bxf5 42. Rxd8 Qxd8 43. exf5 a4 44. Qa7 Qd1 45. Qf7 Qd8 46. Qa7 Qd1 47. Qf7
a3 48. Qg6+ Kh8 49. Qe8+ Kh7 50. Qg6+ 1/2-1/2

[Event "18sen.Bay.EM2006 Schney op"]
[Site "Schloss Schney (25.6.-3.7)"]
[Date "2006.06.27"]
[Round "3.42"]
[White "Melzig, Ernst"]
[Black "Straesser, Gerda"]
[Result "1/2-1/2"]
[WhiteElo "1362"]
[BlackElo "1539"]
[PlyCount "54"]
[EventDate "2006.07.??"]
[Source "Ganslmayer"]
[SourceDate "2012.12.20"]

1. b4 e6 2. Bb2 d5 3. e3 Nf6 4. b5 Be7 5. c4 O-O 6. cxd5 Nxd5 7. Nf3 Nf6 8. Nc3
c6 9. a4 b6 10. Be2 c5 11. d4 Bb7 12. dxc5 Bxc5 13. Qxd8 Rxd8 14. Rd1 Nbd7 15.
O-O Nf8 16. Rxd8 Rxd8 17. Rd1 Rxd1+ 18. Bxd1 N8d7 19. Kf1 h6 20. Nd4 Bxd4 21.
exd4 Kf8 22. f3 Nd5 23. Nxd5 Bxd5 24. Ba3+ Ke8 25. Kf2 Bc4 26. Ke3 a6 27. bxa6
Bxa6 1/2-1/2

[Event "18sen.Bay.EM2006 Schney op"]
[Site "Schloss Schney (25.6.-3.7)"]
[Date "2006.06.27"]
[Round "3.43"]
[White "Froeling, Philippa"]
[Black "Wilfert, Eva-Maria"]
[Result "0-1"]
[WhiteElo "1227"]
[BlackElo "1543"]
[PlyCount "66"]
[EventDate "2006.07.??"]
[Source "Ganslmayer"]
[SourceDate "2012.12.20"]

1. Nf3 d5 2. d4 Nf6 3. Nbd2 Bf5 4. g3 Nc6 5. Bg2 Nb4 6. O-O Bxc2 7. Qe1 e6 8.
a3 Nc6 9. b4 a6 10. Bb2 Be7 11. Rc1 Ba4 12. Nb1 O-O 13. Nc3 Bb5 14. Nxb5 axb5
15. Qc3 Ne4 16. Qd3 Nd6 17. Nd2 Nc4 18. Nxc4 bxc4 19. Qd2 Bf6 20. e4 b5 21. e5
Be7 22. Ra1 Re8 23. Bc3 Qb8 24. Ra2 Na7 25. f4 c6 26. f5 exf5 27. Rxf5 Rf8 28.
Qf2 Qe8 29. Bh3 Nc8 30. Bb2 Nb6 31. Bc1 Na4 32. Qf3 Ra7 33. Rf2 Bd8 0-1

[Event "18sen.Bay.EM2006 Schney op"]
[Site "Schloss Schney (25.6.-3.7)"]
[Date "2006.06.27"]
[Round "3.44"]
[White "Salomon, Heide++"]
[Black "Jakubowski, Karl++"]
[Result "1/2-1/2"]
[WhiteElo "1522"]
[BlackElo "1373"]
[PlyCount "132"]
[EventDate "2006.07.??"]
[Source "Ganslmayer"]
[SourceDate "2012.12.20"]

1. e4 e5 2. d4 exd4 3. Bc4 d6 4. Nf3 Nc6 5. O-O Ne5 6. Bb5+ c6 7. Be2 Nf6 8.
Nxe5 dxe5 9. Bd3 Be7 10. c4 O-O 11. a4 Bg4 12. f3 Be6 13. b3 Nd7 14. Ba3 Bxa3
15. Nxa3 Nc5 16. b4 Nxd3 17. Qxd3 Qg5 18. Rae1 Rfd8 19. Rf2 Rf8 20. Kh1 Rad8
21. Nc2 f5 22. Ref1 fxe4 23. fxe4 Rxf2 24. Rxf2 Rf8 25. Rxf8+ Kxf8 26. Kg1 Qc1+
27. Kf2 Qf4+ 28. Kg1 Qf7 29. Na3 Qf4 30. Qf3 g5 31. Qxf4+ gxf4 32. Kf2 Bg4 33.
Ke1 f3 34. gxf3 Bxf3 35. c5 Bxe4 36. Nc4 Bc2 37. a5 e4 38. Kd2 Bb3 39. Nd6 e3+
40. Ke2 Ba4 41. Nxb7 Bb5+ 42. Ke1 d3 43. Nd6 Ba6 44. Nf5 e2 45. Kd2 Kf7 46. Nd4
Bb7 47. b5 cxb5 48. Nxb5 a6 49. Nd6+ Ke6 50. Nxb7 Kd5 51. Nd8 Kxc5 52. Ne6+ Kb5
53. Nf4 Kxa5 54. Nxd3 Kb5 55. Kxe2 a5 56. Kd2 Kc4 57. Kc2 Kd4 58. Nb2 Ke3 59.
Nc4+ Kf2 60. Ne5 Kg2 61. h4 Kg3 62. h5 Kf4 63. Nf7 Kf5 64. Kb3 Kf6 65. Nd6 Kg5
66. Ne4+ Kxh5 1/2-1/2

[Event "18sen.Bay.EM2006 Schney op"]
[Site "Schloss Schney (25.6.-3.7)"]
[Date "2006.06.27"]
[Round "3.45"]
[White "Conitz, Helmut"]
[Black "Rudolph, Rainer"]
[Result "1-0"]
[WhiteElo "1440"]
[BlackElo "1345"]
[PlyCount "53"]
[EventDate "2006.07.??"]
[Source "Ganslmayer"]
[SourceDate "2012.12.20"]

1. e4 c5 2. c3 e6 3. Nf3 d5 4. e5 f6 5. d4 cxd4 6. cxd4 Bb4+ 7. Bd2 Bxd2+ 8.
Qxd2 f5 9. Be2 b6 10. Ng5 Qd7 11. Nc3 Ba6 12. O-O Bxe2 13. Nxe2 Nc6 14. Nf4 Nd8
15. Rfc1 Ne7 16. Rc3 Nec6 17. Rac1 Rc8 18. Qe3 O-O 19. Nxh7 Kf7 20. Nxf8 Kxf8
21. Qh3 Qf7 22. Rg3 Ne7 23. Rxc8 Nxc8 24. Ng6+ Ke8 25. Qh8+ Kd7 26. Nf8+ Ke7
27. Rxg7 1-0

[Event "18sen.Bay.EM2006 Schney op"]
[Site "Schloss Schney (25.6.-3.7)"]
[Date "2006.06.27"]
[Round "3.46"]
[White "Ludwig, Karl-Heinz ProfDr"]
[Black "Kunert, Helmut"]
[Result "0-1"]
[WhiteElo "1157"]
[BlackElo "1480"]
[PlyCount "82"]
[EventDate "2006.07.??"]
[Source "Ganslmayer"]
[SourceDate "2012.12.20"]

1. f4 d5 2. d4 Nf6 3. Nc3 e6 4. e3 c5 5. Be2 cxd4 6. exd4 Bb4 7. Bd2 Nc6 8. Nf3
Qb6 9. a3 Bxc3 10. Bxc3 Ne4 11. Qd3 Qc7 12. g3 b6 13. O-O a5 14. b4 O-O 15. b5
Ne7 16. Bb2 Bd7 17. a4 Nd6 18. Rac1 Nc4 19. Ba1 Nf5 20. Ne5 Nxe5 21. fxe5 f6
22. exf6 Rxf6 23. g4 Rg6 24. c4 Qd8 25. Kh1 dxc4 26. Rxc4 Nh4 27. Rg1 Bc8 28.
Qe4 Rb8 29. Bf1 Bb7 30. Qxb7 Rxb7 31. Bg2 Nxg2 32. Rxg2 Qd5 33. Rc6 Rxg4 34.
Rc8+ Kf7 35. Rcc2 Kg6 36. Kg1 Rxg2+ 37. Rxg2+ Kf7 38. Rf2+ Kg8 39. Rc2 Qg5+ 40.
Rg2 Qc1+ 41. Kf2 Qxa1 0-1

[Event "18sen.Bay.EM2006 Schney op"]
[Site "Schloss Schney (25.6.-3.7)"]
[Date "2006.06.27"]
[Round "3.47"]
[White "Wanner, Georges"]
[Black "Eckstein, Luise"]
[Result "1-0"]
[WhiteElo "1593"]
[BlackElo "1092"]
[PlyCount "93"]
[EventDate "2006.07.??"]
[Source "Ganslmayer"]
[SourceDate "2012.12.20"]

1. e4 d5 2. exd5 Nf6 3. Bb5+ Bd7 4. Bc4 c6 5. Nc3 Bg4 6. f3 Bf5 7. dxc6 Nxc6 8.
g4 Bg6 9. Nge2 h6 10. d4 e6 11. a3 Be7 12. Be3 Nd5 13. Nxd5 exd5 14. Bd3 Bxd3
15. Qxd3 Bh4+ 16. Ng3 Bxg3+ 17. hxg3 Ne7 18. O-O-O a6 19. Rh5 Qd6 20. Rh3 Qg6
21. Qxg6 Nxg6 22. g5 h5 23. Rdh1 Ke7 24. Rxh5 Rag8 25. f4 Ke6 26. g4 f5 27.
gxf6 Kxf6 28. Rxh8 Rxh8 29. Rxh8 Nxh8 30. Kd2 g6 31. Kd3 Nf7 32. c4 dxc4+ 33.
Kxc4 Nd6+ 34. Kd3 b5 35. Bd2 Nc4 36. Bc3 Nd6 37. d5+ Kf7 38. b3 Ke8 39. Kd4 Kd7
40. Ke5 Ne8 41. f5 gxf5 42. gxf5 Ng7 43. Bb4 Nh5 44. f6 Ke8 45. d6 Ng3 46. f7+
Kxf7 47. d7 1-0

[Event "18sen.Bay.EM2006 Schney op"]
[Site "Schloss Schney (25.6.-3.7)"]
[Date "2006.06.28"]
[Round "4.3"]
[White "Scheipl, Ralf"]
[Black "Muench, Klaus-Norbert Dr"]
[Result "1/2-1/2"]
[WhiteElo "2184"]
[BlackElo "2023"]
[PlyCount "76"]
[EventDate "2006.07.??"]
[Source "Ganslmayer"]
[SourceDate "2012.12.20"]

1. e4 c5 2. Nf3 Nc6 3. Bb5 g6 4. O-O Bg7 5. Re1 Nf6 6. Nc3 O-O 7. e5 Ng4 8.
Bxc6 bxc6 9. h3 Nh6 10. d3 d5 11. Bf4 Nf5 12. Qd2 Qb6 13. Na4 Qb5 14. b3 Nd4
15. Nxd4 cxd4 16. c4 dxc3 17. Qxc3 d4 18. Qxd4 Bf5 19. Qc5 Bxd3 20. Qxe7 Rfe8
21. Qc5 Rad8 22. Qxa7 Bxe5 23. Bxe5 Rxe5 24. Qc7 Rde8 25. Rxe5 Qxe5 26. Qxe5
Rxe5 27. Rd1 Bc2 28. Rd2 Re1+ 29. Kh2 Rc1 30. Kg3 Kg7 31. Kf4 f6 32. h4 Bb1 33.
Nb6 h5 34. Nc4 Rc3 35. Ne3 Kf7 36. Nd1 Rc1 37. Ke3 Bxa2 38. Rxa2 Rxd1 1/2-1/2

[Event "18sen.Bay.EM2006 Schney op"]
[Site "Schloss Schney (25.6.-3.7)"]
[Date "2006.06.28"]
[Round "4.22"]
[White "Ziegler, Werner(31)"]
[Black "Winkler, Karl-Heinz(32)"]
[Result "1-0"]
[WhiteElo "1828"]
[BlackElo "1702"]
[PlyCount "93"]
[EventDate "2006.07.??"]
[Source "Ganslmayer"]
[SourceDate "2012.12.20"]

1. e4 Nc6 2. d4 d5 3. e5 Bf5 4. c3 a6 5. Ne2 e6 6. Ng3 Bg6 7. Nd2 Nge7 8. Nf3
Nf5 9. a4 Nh4 10. a5 Be7 11. Be2 Nxf3+ 12. Bxf3 Na7 13. O-O O-O 14. c4 c6 15.
cxd5 cxd5 16. Be3 Nc6 17. Qa4 Bd3 18. Rfc1 Bb5 19. Qa2 Nb4 20. Qb3 Bc4 21. Qd1
Rc8 22. Be2 Bxe2 23. Nxe2 Nc6 24. Bd2 Qd7 25. Qb3 Rc7 26. h3 Rfc8 27. Qa4 Qd8
28. Rc3 Bb4 29. Rxc6 Bxd2 30. Rb6 h6 31. Qb3 Qd7 32. Kh2 g5 33. Rd6 Qe7 34. Rb6
Kg7 35. Qd3 Rc2 36. Ra3 Be1 37. Ng3 Rxf2 38. Nh5+ Kf8 39. Rc3 Bxc3 40. bxc3 Rf5
41. Ng3 Rf2 42. Qh7 Ke8 43. Nh5 Rxc3 44. Nf6+ Rxf6 45. Qh8+ Kd7 46. exf6 Qd8
47. Rd6+ 1-0